000 00463ntaaa2200181 4500
003 01
005 20251027202438.0
008 0714s1973 ag 01
040 _aAR-BaBN
_bspa
_cAR-BaBN
_eaacr
_dRIC
082 _a266.0000 L51
100 _aLee, Elizabet Meredith
_923317
245 _aHombre de las orquídeas
250 _a1 ed. :
_bLa Aurora,
_cc1951
300 _a185 p.
500 _a"Colección de historias misioneras"
650 _aMisiones
942 _cBK
999 _c19425
_d19425